| 000 | 01812cam a2200433 i 4500 | ||
|---|---|---|---|
| 001 | 1733192 | ||
| 003 | URS | ||
| 005 | 20230817125825.0 | ||
| 008 | 890502s1973 nyua b 001 0 eng | ||
| 010 | _z 72009410 | ||
| 020 | _z0231036493 | ||
| 020 | _a0669735027 (pbk.) | ||
| 035 | _a(CStRLIN)NYCX89B8032 | ||
| 035 | _a(NIC)notisAJC3689 | ||
| 035 | _a(OCoLC)623270 | ||
| 035 | _a1733192 | ||
| 040 |
_dCStRLIN _dNIC _erda _cchina _beng |
||
| 043 | _aa-cc--- | ||
| 050 | 0 |
_aDS721 _b.M5 |
|
| 100 | 1 |
_aMeskill, John Thomas, _d1925- |
|
| 245 | 1 | 3 |
_aAn introduction to Chinese civilization, _cedited by John Meskill, with the assistance of J. Mason Gentzler. |
| 264 | 1 |
_aNew York, _bColumbia University Press, _c1973. |
|
| 300 |
_a699 p. _billus. _c24 cm. |
||
| 336 |
_atext _btxt _2rdacontent |
||
| 337 |
_aunmediated _bn _2rdamedia |
||
| 338 |
_avolume _bnc _2rdacarrier |
||
| 490 | 1 | _aCompanions to Asian studies | |
| 504 | _aIncludes bibliographical references. | ||
| 505 | 0 | _aMeskill, J. History of China.--Aspects of Chinese civilization: Fried, M. H. China: an anthropological overview. Chang, K-C. Chinese archaeology. Li, C-T. Chinese art. Chen, N-R. Economic structure of traditional China. Hou, C-M. Economic trends in modern China. Murphey, R. A geographical view of China. Hucker, C. O. Political institutions. Chu, Y-K. The Chinese language. Watson, B. Chinese literature. Yang, C. K. The role of religion in Chinese society. | |
| 650 | 7 |
_aCivilization _2fast _0(OCoLC)fst00862898 |
|
| 651 | 0 |
_aChina _xCivilization. |
|
| 651 | 7 |
_aChina _2fast _0(OCoLC)fst01206073 |
|
| 799 | 0 | _aNYCXBCH.D890420.T160437-0040 | |
| 830 | 0 | _aCompanions to Asian studies. | |
| 905 | _a19970602120000.0 | ||
| 942 |
_2lcc _cFR |
||
| 948 | 2 |
_a20141125 _bm _dbatch _elts _xaddfast |
|
| 999 |
_c72358 _d72357 |
||